[Event "Ct. Catalunya Absolut Final"]
[Site "?"]
[Date "2011.05.16"]
[Round "3"]
[White "Romero Holmes, A."]
[Black "Alonso Rosell, A."]
[Result "0-1"]
[WhiteElo "2491"]
[BlackElo "2493"]
[PlyCount "125"]
[EventDate "2011.??.??"]
[EventType "swiss"]

1. e4 c5 2. Nf3 d6 3. d4 cxd4 4. Qxd4 Nc6 5. Bb5 Nf6 6. Nc3 Nd7 7. Qc4 Nb6 8.
Qe2 e6 9. Bf4 a6 10. Bd3 Qc7 11. O-O-O Bd7 12. Kb1 Rc8 13. Rhe1 Ne5 14. Nd2 Be7
15. Be3 Nbc4 16. Nxc4 Nxc4 17. Bxc4 Qxc4 18. Qxc4 Rxc4 19. Rd4 Rxd4 20. Bxd4
O-O 21. f4 Rc8 22. Kc1 b5 23. a3 Kf8 24. g3 f6 25. Kd2 Bd8 26. Na2 Bc6 27. c3
Bb7 28. Nb4 a5 29. Nc2 e5 30. Bf2 Rc4 31. Kd3 a4 32. Re2 g6 33. fxe5 dxe5 34.
Ne1 Bc8 35. Nc2 Bg4 36. Re1 Bf3 37. Nb4 Kf7 38. Nc2 Ke6 39. Re3 Bh1 40. Re1 Bg2
41. Bg1 Be7 42. Bf2 Bf8 43. Nb4 Bh6 44. Bb6 Kd6 45. Bg1 f5 46. exf5 gxf5 47.
Be3 Be4+ 48. Ke2 f4 49. gxf4 exf4 50. Bd4 Bg5 51. Kf1 Bh1 52. Kg1 Bf3 53. Re8
Kd7 54. Rg8 h6 55. Nd3 Bd5 56. Ne5+ Ke7 57. Rg7+ Ke6 58. Nxc4 Bxc4 59. h4 Bxh4
60. Rg6+ Kf5 61. Rxh6 Bg5 62. Rh5 Kg4 63. Rxg5+ 0-1

[Event "Ct. Catalunya Absolut Final"]
[Site "?"]
[Date "2011.05.17"]
[Round "4"]
[White "Alonso Rosell, A."]
[Black "Romero Holmes, A."]
[Result "1/2-1/2"]
[WhiteElo "2493"]
[BlackElo "2491"]
[PlyCount "131"]
[EventDate "2011.??.??"]
[EventType "swiss"]

1. d4 g6 2. g3 Bg7 3. Bg2 d6 4. Nf3 c5 5. O-O cxd4 6. Nxd4 Qb6 7. Nb3 Nc6 8.
Nc3 Nf6 9. e4 Qd8 10. Nd5 Nd7 11. c3 O-O 12. Bg5 h6 13. Be3 Nde5 14. Qe2 b6 15.
Rad1 Bb7 16. Nd4 e6 17. Nxc6 Nxc6 18. Nf4 Qc7 19. Rfe1 Na5 20. Nd3 Nc4 21. Bf4
b5 22. h4 Rad8 23. Bc1 a5 24. Nf4 Bc6 25. Qc2 Qb7 26. b3 Nb6 27. Be3 Rd7 28.
Rd2 Rfd8 29. Bd4 Qc7 30. Qd3 Nc8 31. Bxg7 Kxg7 32. Rc2 Nb6 33. Bh3 Re7 34. Bg2
e5 35. Nd5 Bxd5 36. exd5 Qc5 37. Bf1 Nxd5 38. Qxb5 Rc7 39. Qxc5 Rxc5 40. Rec1
f5 41. a3 Rdc8 42. c4 Nf6 43. b4 R5c7 44. Re1 Rb8 45. Rb1 Kf7 46. f3 Ke7 47.
Rcc1 Nd7 48. Kf2 axb4 49. axb4 Rcb7 50. b5 Ra7 51. Rb2 Nc5 52. Rd1 Rba8 53. Be2
Ra2 54. Rxa2 Rxa2 55. Ke3 Ra3+ 56. Kf2 Ne6 57. Bd3 Ra2+ 58. Ke3 f4+ 59. gxf4
Nxf4 60. Bf1 Rb2 61. Ra1 Ne6 62. Ra7+ Kd8 63. Bh3 Nf4 64. Bf1 Ne6 65. Bh3 Nf4
66. Bf1 1/2-1/2

[Event "Ct. Catalunya Absolut Final"]
[Site "?"]
[Date "2011.05.17"]
[Round "4"]
[White "Narciso Dublan, M."]
[Black "Fluvia Poyatos, Jordi"]
[Result "1-0"]
[WhiteElo "2532"]
[BlackElo "2469"]
[PlyCount "97"]
[EventDate "2011.??.??"]
[EventType "swiss"]

1. d4 Nf6 2. c4 g6 3. Nc3 d5 4. Nf3 Bg7 5. Bg5 Ne4 6. Bh4 Nxc3 7. bxc3 c5 8.
cxd5 Qxd5 9. e3 cxd4 10. cxd4 Nc6 11. Be2 Qa5+ 12. Qd2 Be6 13. O-O Bd5 14. Qxa5
Nxa5 15. Rfc1 e6 16. Bb5+ Nc6 17. Nd2 O-O 18. Bc4 Rfc8 19. Bxd5 exd5 20. Rc5
Nb4 21. Rb5 Bf8 22. Rxb7 Rc2 23. a3 Nc6 24. Nb3 Rb8 25. Rxb8 Nxb8 26. a4 Rb2
27. Nc1 Nd7 28. Nd3 Rb3 29. Nf4 Nb6 30. a5 Nc4 31. Nxd5 Nxa5 32. g4 Ba3 33. Ra2
Nc4 34. Rc2 Rb1+ 35. Kg2 Rc1 36. Rxc1 Bxc1 37. Kf3 a5 38. Ke2 a4 39. Kd3 a3 40.
Nb4 Nd6 41. Bg3 Nb5 42. Na2 Bb2 43. Kc4 Na7 44. Kc5 Kf8 45. d5 Ke8 46. Kb6 Nc8+
47. Kc7 Ne7 48. e4 Ng8 49. g5 1-0

[Event "Ct. Catalunya Absolut Final"]
[Site "?"]
[Date "2011.05.18"]
[Round "5"]
[White "Alonso Rosell, A."]
[Black "Alsina Leal, D."]
[Result "1/2-1/2"]
[WhiteElo "2493"]
[BlackElo "2545"]
[PlyCount "106"]
[EventDate "2011.??.??"]
[EventType "swiss"]

1. Nf3 Nf6 2. c4 c5 3. Nc3 Nc6 4. g3 g6 5. Bg2 Bg7 6. O-O O-O 7. d4 cxd4 8.
Nxd4 Ng4 9. e3 Nge5 10. b3 d6 11. h3 Nxd4 12. exd4 Nc6 13. Be3 Bd7 14. Rc1 a6
15. d5 Na5 16. Ne4 Rc8 17. Bd4 Bh6 18. f4 Bf5 19. Qd3 e5 20. fxe5 Bxe4 21. Qxe4
Bxc1 22. Rxc1 b5 23. c5 dxc5 24. Rxc5 Nb7 25. Rxc8 Qxc8 26. e6 Qb8 27. Be5 Qd8
28. Bd4 Qd6 29. Be5 Qe7 30. Qd4 fxe6 31. dxe6 Nd8 32. Bd6 Nxe6 33. Qb6 Qd8 34.
Qxa6 Rf6 35. Be5 b4 36. Kh2 Kf7 37. Bxf6 Kxf6 38. Qb7 Qd2 39. Qxh7 Nd4 40. Qh4+
Kg7 41. Qe7+ Kg8 42. Qf6 g5 43. h4 gxh4 44. gxh4 Ne2 45. Qe6+ Kg7 46. Qe5+ Kf8
47. Qf5+ Kg7 48. Qe5+ Kf8 49. Qg5 Qd6+ 50. Kh3 Nf4+ 51. Kh2 Ne2+ 52. Kh3 Nf4+
53. Kh2 Ne2+ 1/2-1/2

[Event "Ct. Catalunya Absolut Final"]
[Site "?"]
[Date "2011.05.19"]
[Round "6"]
[White "Alsina Leal, D."]
[Black "Alonso Rosell, A."]
[Result "0-1"]
[WhiteElo "2545"]
[BlackElo "2493"]
[PlyCount "96"]
[EventDate "2011.??.??"]
[EventType "swiss"]

1. e4 c5 2. Nf3 d6 3. d4 Nf6 4. Nc3 cxd4 5. Nxd4 a6 6. Bg5 Nbd7 7. Qe2 b5 8.
Nd5 Bb7 9. Bxf6 Nxf6 10. Nxf6+ gxf6 11. O-O-O Qc7 12. Kb1 O-O-O 13. g3 Kb8 14.
Bg2 e6 15. Bf3 Rg8 16. h4 Rc8 17. Rd3 Qb6 18. Rhd1 Rc4 19. Nb3 Qc7 20. Rd4 Be7
21. c3 Rc8 22. Rxc4 Qxc4 23. Qe3 Qc7 24. Bh5 Bf8 25. f4 d5 26. exd5 Bxd5 27.
Bf3 Bxf3 28. Qxf3 f5 29. Nd4 Bc5 30. Qd3 Qb7 31. Nf3 Ka7 32. a3 h6 33. Ka2 Bb6
34. Ne5 Rd8 35. Qe2 f6 36. Rxd8 Bxd8 37. Nf3 Qd5+ 38. Kb1 Bb6 39. Nd2 e5 40. c4
bxc4 41. Nxc4 Bd4 42. fxe5 fxe5 43. b3 Qh1+ 44. Kc2 Qa1 45. Qd1 Qc3+ 46. Kb1 e4
47. Ka2 e3 48. a4 e2 0-1

[Event "Ct. Catalunya Absolut Final"]
[Site "?"]
[Date "2011.05.20"]
[Round "7"]
[White "Fluvia Poyatos, Joan"]
[Black "Alsina Leal, D."]
[Result "1/2-1/2"]
[WhiteElo "2472"]
[BlackElo "2545"]
[PlyCount "90"]
[EventDate "2011.??.??"]
[EventType "swiss"]

1. Nf3 c5 2. b3 d5 3. e3 Nf6 4. Bb2 e6 5. Bb5+ Nbd7 6. c4 dxc4 7. bxc4 Be7 8.
Nc3 O-O 9. Ba4 a6 10. Ng5 h6 11. Nf3 b6 12. O-O Bb7 13. d4 cxd4 14. exd4 Rc8
15. Bb3 Ne4 16. Nxe4 Bxe4 17. Qe2 Bb7 18. Rfd1 Re8 19. Rac1 Qc7 20. Ba4 Red8
21. Bxd7 Qxd7 22. Ne5 Qe8 23. Rc3 Bd6 24. Rb3 Bc7 25. Rc1 Ba8 26. Ra3 a5 27.
Re3 Bxe5 28. Rxe5 Qa4 29. a3 Rc7 30. Re3 Rdc8 31. Rec3 Qd7 32. Rg3 Bd5 33. Qd2
Rxc4 34. Qxh6 f5 35. h4 R8c6 36. Rxc4 Rxc4 37. Bc1 Rxd4 38. Bb2 Rg4 39. Rxg4
fxg4 40. Qg5 Be4 41. Qxg4 Bf5 42. Qg3 Qd1+ 43. Kh2 Qg4 44. Qxg4 Bxg4 45. Kg3
Bd1 1/2-1/2

[Event "Ct. Catalunya Absolut Final"]
[Site "?"]
[Date "2011.05.20"]
[Round "7"]
[White "Narciso Dublan, M."]
[Black "Alonso Rosell, A."]
[Result "1-0"]
[WhiteElo "2532"]
[BlackElo "2493"]
[PlyCount "111"]
[EventDate "2011.??.??"]
[EventType "swiss"]

1. e4 c6 2. d4 d5 3. Nd2 dxe4 4. Nxe4 Bf5 5. Nc5 Nd7 6. Nxb7 Qc7 7. Nc5 Nxc5 8.
dxc5 e6 9. Be3 Rd8 10. Bd3 Nf6 11. Nf3 Rd5 12. b4 e5 13. Nd2 Bxd3 14. cxd3 Rxd3
15. Qe2 Rd5 16. O-O Be7 17. Nc4 O-O 18. Rae1 e4 19. Bc1 Re8 20. Bb2 Qf4 21. Qe3
Qxe3 22. Rxe3 Bf8 23. Rfe1 Rdd8 24. Bxf6 gxf6 25. Na5 Re6 26. f3 Rd4 27. a3 f5
28. fxe4 fxe4 29. Nb3 Bg7 30. Nxd4 Bxd4 31. Kf2 a5 32. g4 Kg7 33. Kg3 Bxe3 34.
Rxe3 axb4 35. axb4 h5 36. h3 hxg4 37. hxg4 f5 38. gxf5 Re5 39. Kf4 Kf6 40. Rh3
Rxf5+ 41. Kxe4 Rg5 42. Rh6+ Ke7 43. Rxc6 Rg4+ 44. Kd5 Rxb4 45. Rc7+ Kd8 46. Kc6
Rc4 47. Rh7 Rc1 48. Rh8+ Ke7 49. Rc8 Ra1 50. Kb7 Rb1+ 51. Kc7 Rb2 52. c6 Rb1
53. Rh8 Rb2 54. Rh4 Rc2 55. Re4+ Kf7 56. Kd7 1-0

[Event "Ct. Catalunya Absolut Final"]
[Site "?"]
[Date "2011.05.21"]
[Round "8"]
[White "Alonso Rosell, A."]
[Black "Narciso Dublan, M."]
[Result "1/2-1/2"]
[WhiteElo "2493"]
[BlackElo "2532"]
[PlyCount "57"]
[EventDate "2011.??.??"]
[EventType "swiss"]

1. d4 f5 2. Nc3 Nf6 3. Bg5 d5 4. Bxf6 exf6 5. e3 Be6 6. Bb5+ c6 7. Bd3 Nd7 8.
Qf3 g6 9. h3 Bb4 10. Nge2 Qe7 11. g4 fxg4 12. hxg4 O-O-O 13. O-O-O Rhf8 14. Qg2
Bg8 15. Kb1 Nb6 16. Ka1 Kb8 17. Nb1 Bd6 18. Nd2 Bc7 19. Nb3 Bd6 20. Nd2 Ka8 21.
Rc1 Rde8 22. Nb3 Rf7 23. Nc3 Qf8 24. e4 dxe4 25. Bxe4 Bb4 26. Nb1 Rfe7 27. Bf3
Nd5 28. c4 Nf4 29. Qg3 1/2-1/2

[Event "Ct. Catalunya Veterans"]
[Site "?"]
[Date "2011.05.13"]
[Round "1"]
[White "Bautista Sanchez, J."]
[Black "Cornudella Felip, J."]
[Result "1-0"]
[WhiteElo "2180"]
[BlackElo "1914"]
[PlyCount "31"]
[EventDate "2011.??.??"]
[EventType "swiss"]

1. Nf3 Nf6 2. c4 c5 3. g3 g6 4. Bg2 Bg7 5. d4 cxd4 6. Nxd4 Nc6 7. O-O O-O 8.
Nc3 a6 9. e3 e5 10. Nde2 d6 11. b3 Qe7 12. Ba3 Rd8 13. Qd2 Qc7 14. Rfd1 Bf8 15.
Rac1 Bg4 16. Nd5 1-0

[Event "Ct. Catalunya Veterans"]
[Site "?"]
[Date "2011.05.13"]
[Round "1"]
[White "Castan Sanclemente, A."]
[Black "Marchador Villalba, J."]
[Result "1-0"]
[WhiteElo "1837"]
[BlackElo "2109"]
[PlyCount "124"]
[EventDate "2011.??.??"]
[EventType "swiss"]

1. d4 Nf6 2. c4 e6 3. Nc3 c5 4. e3 b6 5. Nf3 Bb7 6. Bd3 Be7 7. O-O O-O 8. Re1
d5 9. cxd5 exd5 10. a3 Nc6 11. dxc5 bxc5 12. e4 d4 13. Ne2 Ng4 14. Ng3 Nge5 15.
Nxe5 Nxe5 16. Bf1 Qb6 17. f4 Nd7 18. Bc4 Nf6 19. e5 Nd5 20. Nf5 Rae8 21. Qg4
Qg6 22. Qh3 Bc8 23. Bd3 h5 24. Nxe7+ Nxe7 25. Bxg6 Bxh3 26. Bxh5 Be6 27. Bf3
Rb8 28. Rb1 Bb3 29. Bd2 Bc2 30. Ra1 Rxb2 31. g4 Rfb8 32. f5 R8b3 33. Bc1 Rb1
34. Rxb1 Bxb1 35. f6 Ng6 36. Bd5 Rb8 37. e6 fxe6 38. Rxe6 Kh7 39. f7 Rd8 40.
Bc4 d3 41. Bd2 Bc2 42. Kf2 Rf8 43. Re8 Ba4 44. Re3 Nf4 45. Kg3 g5 46. Kf3 Bc6+
47. Kg3 Bd5 48. Bxd5 Nxd5 49. Rxd3 Nb6 50. Bxg5 Rxf7 51. Be3 c4 52. Rd6 Na4 53.
Rh6+ Kg7 54. Ra6 Nb2 55. Rxa7 Rxa7 56. Bxa7 Na4 57. Kf4 c3 58. Ke3 Kg6 59. Kd3
Kg5 60. h3 Kh4 61. Bf2+ Kg5 62. Bd4 Kf4 1-0

[Event "Ct. Catalunya Veterans"]
[Site "?"]
[Date "2011.05.13"]
[Round "1"]
[White "Dominguez Rueda, J."]
[Black "Valls Mir, J."]
[Result "1-0"]
[WhiteElo "2120"]
[BlackElo "1897"]
[PlyCount "95"]
[EventDate "2011.??.??"]
[EventType "swiss"]

1. e4 e6 2. d4 d5 3. Nc3 Nf6 4. Bg5 Be7 5. e5 Nfd7 6. Bxe7 Qxe7 7. f4 f5 8.
Qh5+ g6 9. Qh6 a6 10. Nf3 b6 11. O-O-O Bb7 12. Be2 Nc6 13. g4 O-O-O 14. gxf5
gxf5 15. Ng5 Nf8 16. Bh5 Rd7 17. Nf7 Rg8 18. Rhg1 Rxg1 19. Rxg1 Ng6 20. Bxg6
hxg6 21. Qh8+ Nd8 22. Nxd8 Rxd8 23. Qh6 Qb4 24. Rd1 Kb8 25. Qxg6 Bc8 26. h4 c5
27. Qg1 Rh8 28. Qf2 Bd7 29. Rh1 Kc7 30. Kb1 a5 31. Ne2 Bb5 32. Nc1 Ba6 33. c3
Qb5 34. Qg1 Rh7 35. Qg8 Qd7 36. dxc5 bxc5 37. Qa8 Kb6 38. Qb8+ Bb7 39. Nb3 a4
40. Nd2 Ka6 41. Rh2 Kb6 42. Nf3 d4 43. cxd4 cxd4 44. Ng5 Re7 45. h5 Ka6 46.
Qd6+ Qxd6 47. exd6 Rd7 48. h6 1-0

[Event "Ct. Catalunya Veterans"]
[Site "?"]
[Date "2011.05.13"]
[Round "1"]
[White "Franquet Escriva, J."]
[Black "Morales Jodar, R."]
[Result "1-0"]
[WhiteElo "2109"]
[BlackElo "1839"]
[PlyCount "79"]
[EventDate "2011.??.??"]
[EventType "swiss"]

1. e4 c6 2. Nc3 e6 3. d4 Bb4 4. Bd3 d6 5. Nf3 b6 6. O-O Bxc3 7. bxc3 Ba6 8. c4
Ne7 9. Qe2 O-O 10. Re1 Ng6 11. g3 Nd7 12. h4 e5 13. Bb2 Re8 14. Kg2 h5 15. Nh2
Nf6 16. Qd2 Nh7 17. Be2 Nf6 18. Qg5 Nxe4 19. Qxh5 Nf6 20. Qg5 Ne4 21. Qe3 exd4
22. Qxd4 Nf6 23. Ng4 Bb7 24. Nxf6+ gxf6 25. Qg4 Kf8 26. Bd3 c5+ 27. Kf1 Ne5 28.
Qh5 Bf3 29. Qh6+ Ke7 30. Qf4 Bh5 31. g4 Bg6 32. g5 Kf8 33. gxf6 Re6 34. Bxg6
fxg6 35. Qh6+ Ke8 36. Bxe5 Rxe5 37. Qxg6+ Kf8 38. Qg7+ Ke8 39. Rxe5+ dxe5 40.
Qg8+ 1-0

[Event "Ct. Catalunya Veterans"]
[Site "?"]
[Date "2011.05.13"]
[Round "1"]
[White "Garriga Nualart, J."]
[Black "Xalabarder Coca, E."]
[Result "1-0"]
[WhiteElo "2329"]
[BlackElo "1923"]
[PlyCount "67"]
[EventDate "2011.??.??"]
[EventType "swiss"]

1. c4 e5 2. Nc3 d6 3. Nf3 Be6 4. d4 exd4 5. Nxd4 Bxc4 6. Qa4+ b5 7. Ncxb5 Bxb5
8. Qxb5+ Nd7 9. g3 Qb8 10. Bg2 c5 11. Qc6 cxd4 12. Qxa8 Qxa8 13. Bxa8 g6 14. b3
Bg7 15. Bb2 Nc5 16. Rd1 Ne6 17. Bd5 Kd7 18. Bxe6+ fxe6 19. Bxd4 e5 20. Bxa7 Nf6
21. Be3 Ra8 22. a4 Rb8 23. O-O d5 24. Rb1 d4 25. Bd2 Ne4 26. Rfd1 Bf8 27. b4
Kc8 28. Rdc1+ Kd7 29. Be1 Bh6 30. Rc2 Bf8 31. a5 Nc5 32. b5 d3 33. exd3 Nxd3
34. b6 1-0

[Event "Ct. Catalunya Veterans"]
[Site "?"]
[Date "2011.05.13"]
[Round "1"]
[White "Grau Brumos, I."]
[Black "Bayarri Ponsa, E."]
[Result "1-0"]
[WhiteElo "2149"]
[BlackElo "1905"]
[PlyCount "47"]
[EventDate "2011.??.??"]
[EventType "swiss"]

1. d4 d5 2. Nf3 c6 3. c4 Nf6 4. g3 e6 5. Bg2 Nbd7 6. Nc3 Bd6 7. O-O O-O 8. e4
Nxe4 9. Nxe4 dxe4 10. Ng5 Nf6 11. Qe2 e5 12. dxe5 Bxe5 13. Nxe4 Bf5 14. Bg5 h6
15. Rad1 Qb6 16. Nxf6+ Bxf6 17. Bxf6 gxf6 18. Qh5 Bg6 19. Qxh6 Qxb2 20. f4 Rad8
21. Rxd8 Rxd8 22. f5 Bxf5 23. Rxf5 Rd1+ 24. Bf1 1-0

[Event "Ct. Catalunya Veterans"]
[Site "?"]
[Date "2011.05.13"]
[Round "1"]
[White "Mengual Jerez, A."]
[Black "Anguera Maestro, J."]
[Result "0-1"]
[WhiteElo "1898"]
[BlackElo "2148"]
[PlyCount "59"]
[EventDate "2011.??.??"]
[EventType "swiss"]

1. d4 d5 2. c4 e6 3. Nc3 Nf6 4. Nf3 c6 5. e3 Bd6 6. Qc2 Nbd7 7. b3 O-O 8. Bb2
Re8 9. Be2 e5 10. dxe5 Nxe5 11. h3 Nxf3+ 12. gxf3 dxc4 13. Bxc4 Bb4 14. a3 Bf8
15. Bd3 Qa5 16. Ke2 g6 17. Rag1 Bg7 18. b4 Qd8 19. Ne4 Nxe4 20. Bxe4 Bxb2 21.
Qxb2 Qh4 22. Qc2 Be6 23. Rg3 a5 24. Rhg1 Qf6 25. bxa5 Kg7 26. h4 Rxa5 27. Bxg6
hxg6 28. Rxg6+ fxg6 29. Rxg6+ Qxg6 30. Qc3+ 0-1

[Event "Ct. Catalunya Veterans"]
[Site "?"]
[Date "2011.05.13"]
[Round "1"]
[White "Mora Amella, J."]
[Black "Batalla Batalla, J."]
[Result "0-1"]
[WhiteElo "1864"]
[BlackElo "2111"]
[PlyCount "64"]
[EventDate "2011.??.??"]
[EventType "swiss"]

1. c4 c5 2. Nc3 e6 3. e3 Nc6 4. Nf3 Nf6 5. d4 cxd4 6. exd4 d5 7. a3 Be7 8. Bd3
O-O 9. O-O a6 10. c5 b6 11. b4 bxc5 12. bxc5 Qc7 13. Na4 Nd7 14. Rb1 Rb8 15.
Bd2 Bf6 16. Be3 e5 17. dxe5 Ndxe5 18. Nxe5 Nxe5 19. Rxb8 Qxb8 20. Bf4 Qc7 21.
Kh1 g6 22. Qc2 Qc6 23. Nb6 Bb7 24. Bxe5 Bxe5 25. f4 Bd4 26. f5 Bxc5 27. Na4
Bxa3 28. Qb3 d4 29. Rb1 Bd6 30. fxg6 hxg6 31. Bxg6 Kg7 32. Bd3 Rh8 0-1

[Event "Ct. Catalunya Veterans"]
[Site "?"]
[Date "2011.05.13"]
[Round "1"]
[White "Nicolau Serrato, M."]
[Black "Buxade Roca, G."]
[Result "0-1"]
[WhiteElo "1905"]
[BlackElo "2173"]
[PlyCount "82"]
[EventDate "2011.??.??"]
[EventType "swiss"]

1. e4 c5 2. Nf3 Nc6 3. d4 cxd4 4. Nxd4 Nf6 5. Nc3 e5 6. Ndb5 d6 7. Be2 a6 8.
Na3 b5 9. Bg5 b4 10. Bxf6 gxf6 11. O-O bxc3 12. bxc3 d5 13. Nb1 dxe4 14. Qc1
Bc5 15. Qh6 Ke7 16. Nd2 Bf5 17. Rad1 Rg8 18. Nc4 Qf8 19. Ne3 Be6 20. Qh4 Qc8
21. Kh1 Qc7 22. Qxe4 Rgd8 23. Bf3 Rac8 24. Qxh7 Rxd1 25. Rxd1 Bxe3 26. fxe3 Rd8
27. Rf1 Nb8 28. Qh6 Nd7 29. Be4 Qxc3 30. a4 a5 31. h3 Qc4 32. Bd3 Qxa4 33. Qg7
Qh4 34. Rb1 Rh8 35. Bf1 Bd5 36. Kh2 Rc8 37. Rd1 Be6 38. c4 Qg5 39. Qh7 Bf5 40.
Rxd7+ Bxd7 41. Qd3 e4 0-1

[Event "Ct. Catalunya Veterans"]
[Site "?"]
[Date "2011.05.13"]
[Round "1"]
[White "Sanchez Esteban, E."]
[Black "Coll Enriquez, L."]
[Result "0-1"]
[WhiteElo "1922"]
[BlackElo "2182"]
[PlyCount "70"]
[EventDate "2011.??.??"]
[EventType "swiss"]

1. d4 Nf6 2. c4 e5 3. Nf3 e4 4. Ng5 h6 5. Nh3 d5 6. g3 dxc4 7. Bg2 Bb4+ 8. Nc3
Nc6 9. O-O Nxd4 10. Qa4+ Nc6 11. Rd1 Qe7 12. Nf4 Be6 13. Nxe4 Nd7 14. Be3 O-O
15. a3 Ba5 16. Rxd7 Bxd7 17. Rd1 Bb6 18. Nd5 Qe5 19. Bxh6 Bf5 20. Bf4 Qxb2 21.
Qxc4 Rad8 22. Bc1 Qe5 23. Bf4 Qb2 24. Bc1 Qb1 25. Nec3 Qc2 26. Bg5 Rd7 27. h4
Re8 28. Rd2 Ne5 29. Qf4 Qc1+ 30. Rd1 Qxf4 31. gxf4 Ng4 32. e3 f6 33. Bxf6 gxf6
34. f3 Bxe3+ 35. Kh1 Nf2+ 0-1

[Event "Ct. Catalunya Veterans"]
[Site "?"]
[Date "2011.05.14"]
[Round "2"]
[White "Anguera Maestro, J."]
[Black "Capelles Prat, R."]
[Result "1/2-1/2"]
[WhiteElo "2148"]
[BlackElo "1983"]
[PlyCount "56"]
[EventDate "2011.??.??"]
[EventType "swiss"]

1. d4 Nf6 2. Nf3 d5 3. Bf4 e6 4. e3 c5 5. c3 Nc6 6. Bd3 Be7 7. Nbd2 h6 8. h3
O-O 9. O-O Re8 10. Ne5 Nxe5 11. dxe5 Nd7 12. e4 Nf8 13. Bh2 a6 14. Kh1 f5 15.
exf5 exf5 16. f4 Be6 17. Qc2 Qd7 18. g4 g6 19. gxf5 Bxf5 20. Bxf5 Qxf5 21. Qxf5
gxf5 22. Rg1+ Kf7 23. Rg2 Ne6 24. Nf1 d4 25. Rc2 Rad8 26. Rf2 Bh4 27. Rf3 Ng7
28. Bg1 Ne6 1/2-1/2

[Event "Ct. Catalunya Veterans"]
[Site "?"]
[Date "2011.05.14"]
[Round "2"]
[White "Badia Torra, J."]
[Black "Tejero Royo, F."]
[Result "1/2-1/2"]
[WhiteElo "1935"]
[BlackElo "2101"]
[PlyCount "67"]
[EventDate "2011.??.??"]
[EventType "swiss"]

1. d4 d5 2. c4 e6 3. Nf3 Nf6 4. Bg5 c6 5. Nc3 dxc4 6. a4 Nbd7 7. e3 Qa5 8. Bxf6
Nxf6 9. Nd2 Bb4 10. Rc1 Nd5 11. Qc2 b5 12. axb5 cxb5 13. e4 Nxc3 14. bxc3 Be7
15. Be2 Qc7 16. O-O O-O 17. f4 f5 18. e5 Bb7 19. Bf3 Bxf3 20. Rxf3 Kh8 21. Nf1
Qc6 22. Ne3 g6 23. Qe2 Rab8 24. Rff1 g5 25. Ra1 gxf4 26. Rxa7 Bc5 27. dxc5 Qxc5
28. Rxh7+ Kxh7 29. Qh5+ Kg7 30. Qg5+ Kf7 31. Qf6+ Ke8 32. Qxe6+ Qe7 33. Qg6+
Qf7 34. Qc6+ 1/2-1/2

[Event "Ct. Catalunya Veterans"]
[Site "?"]
[Date "2011.05.14"]
[Round "2"]
[White "Batalla Batalla, J."]
[Black "Duch Mansion, J."]
[Result "1-0"]
[WhiteElo "2111"]
[BlackElo "1946"]
[PlyCount "41"]
[EventDate "2011.??.??"]
[EventType "swiss"]

1. e4 c5 2. Nc3 d6 3. f4 e6 4. Nf3 Nc6 5. Bb5 Bd7 6. O-O a6 7. Bxc6 Bxc6 8. d3
Qc7 9. Qe2 Nf6 10. b3 Be7 11. Bb2 O-O 12. Rae1 Nd7 13. Nd1 Rac8 14. g4 Rfe8 15.
f5 exf5 16. gxf5 Bf6 17. Bxf6 Nxf6 18. Qg2 Re7 19. c4 Nd7 20. Ne3 Ne5 21. f6
1-0

[Event "Ct. Catalunya Veterans"]
[Site "?"]
[Date "2011.05.14"]
[Round "2"]
[White "Buxade Roca, G."]
[Black "Vilageliu Ceballos, JM."]
[Result "1/2-1/2"]
[WhiteElo "2173"]
[BlackElo "2047"]
[PlyCount "96"]
[EventDate "2011.??.??"]
[EventType "swiss"]

1. e4 Nf6 2. Nc3 d5 3. exd5 Nxd5 4. Bc4 Be6 5. Qf3 c6 6. Nge2 Nc7 7. Bxe6 Nxe6
8. O-O g6 9. d3 Bg7 10. Re1 O-O 11. Be3 Na6 12. Rad1 Nb4 13. Rd2 Qa5 14. a3 Nd5
15. Nxd5 cxd5 16. d4 Rfd8 17. c3 Qb5 18. Ng3 a5 19. h4 Ra6 20. Rde2 Rf8 21. Bc1
Bf6 22. Qg4 Qd7 23. Nh5 a4 24. Nf4 Rc8 25. Nxe6 Rcc6 26. h5 Rxe6 27. hxg6 hxg6
28. Rxe6 Rxe6 29. Rxe6 Qxe6 30. Qxe6 fxe6 31. f4 Bh4 32. Kh2 Be1 33. Kh3 Kf7
34. Kg4 Kf6 35. Be3 Kg7 36. Kf3 Bh4 37. g3 Bf6 38. Ke2 Kf8 39. Kd3 Ke8 40. Kc2
b5 41. Kd2 Kd7 42. Kd3 Bg7 43. Ke2 Ke8 44. Kf3 Kf7 45. g4 Bf6 46. Bf2 Bg7 47.
Bh4 Bf6 48. Bg3 Bg7 1/2-1/2

[Event "Ct. Catalunya Veterans"]
[Site "?"]
[Date "2011.05.14"]
[Round "2"]
[White "Coll Enriquez, L."]
[Black "Sanz Bastos, F."]
[Result "1-0"]
[WhiteElo "2182"]
[BlackElo "2072"]
[PlyCount "79"]
[EventDate "2011.??.??"]
[EventType "swiss"]

1. e4 e5 2. d3 d5 3. Nd2 Nf6 4. Be2 Nc6 5. c3 Bc5 6. Ngf3 dxe4 7. dxe4 a5 8.
O-O O-O 9. Qc2 Bg4 10. Nc4 Qe7 11. Bg5 h6 12. Be3 Bxf3 13. Bxf3 b5 14. Bxc5
Qxc5 15. Ne3 Rad8 16. Rac1 Qb6 17. Rfe1 Ne7 18. Red1 c5 19. a4 b4 20. Nc4 b3
21. Nxb6 bxc2 22. Re1 Rd2 23. Nc4 Rfd8 24. Nxd2 Rxd2 25. g3 g5 26. h3 h5 27.
Bg2 h4 28. Bf1 hxg3 29. fxg3 Nh5 30. Re2 Rxe2 31. Bxe2 Nxg3 32. Bd3 f5 33. Kg2
f4 34. Kf3 Kg7 35. Bxc2 Ng6 36. b4 cxb4 37. cxb4 Nh4+ 38. Kf2 axb4 39. a5 b3
40. Bb1 1-0

[Event "Ct. Catalunya Veterans"]
[Site "?"]
[Date "2011.05.14"]
[Round "2"]
[White "Duran Vallverdu, J."]
[Black "Dominguez Rueda, J."]
[Result "1-0"]
[WhiteElo "1984"]
[BlackElo "2120"]
[PlyCount "115"]
[EventDate "2011.??.??"]
[EventType "swiss"]

1. e4 e5 2. Nf3 Nc6 3. Bb5 a6 4. Ba4 d6 5. c3 Nf6 6. Bc2 g6 7. h3 Bg7 8. d4
exd4 9. Nxd4 O-O 10. O-O Re8 11. Re1 Bd7 12. Nd2 d5 13. Nxc6 Bxc6 14. e5 Nd7
15. f4 Qh4 16. Nf3 Qg3 17. Be3 Bh6 18. Qd2 d4 19. Nxd4 Rad8 20. Qf2 Qxf2+ 21.
Kxf2 Bd5 22. Bb3 Nb6 23. Rad1 Bxb3 24. Nxb3 Nd5 25. g3 b6 26. Bc1 Bf8 27. Rd3
c6 28. Red1 Rc8 29. Kf3 a5 30. Nd4 Ne7 31. g4 Bg7 32. Re1 Red8 33. Red1 g5 34.
Nf5 Rxd3+ 35. Rxd3 Ng6 36. Nxg7 Kxg7 37. Rd7 Re8 38. Rd6 gxf4 39. Bxf4 Rc8 40.
Ke4 Kf8 41. Bg5 Ke8 42. e6 fxe6 43. Rxe6+ Kd7 44. Kf5 Rf8+ 45. Rf6 Re8 46. Rf7+
Kd6 47. Rxh7 Ne5 48. Bf4 Kd5 49. Bxe5 Rxe5+ 50. Kf6 Re2 51. g5 Rxb2 52. g6 Rf2+
53. Ke7 Re2+ 54. Kf8 Rxa2 55. g7 Rf2+ 56. Kg8 Rg2 57. Rh4 Rxg7+ 58. Kxg7 1-0

[Event "Ct. Catalunya Veterans"]
[Site "?"]
[Date "2011.05.14"]
[Round "2"]
[White "Espau Guillem, J."]
[Black "Grau Brumos, I."]
[Result "0-1"]
[WhiteElo "1996"]
[BlackElo "2149"]
[PlyCount "62"]
[EventDate "2011.??.??"]
[EventType "swiss"]

1. e4 d5 2. exd5 Nf6 3. d4 Nxd5 4. Bc4 Nc6 5. Qh5 Be6 6. c3 Qd6 7. Qe2 a6 8.
Nf3 Bg4 9. Qe4 Nf6 10. Qf4 e6 11. Ne5 Nxe5 12. Qxe5 Qc6 13. Bf1 Bd6 14. Qg5 O-O
15. Be3 h6 16. Qh4 e5 17. Nd2 exd4 18. cxd4 Rfe8 19. h3 Bh5 20. d5 Qc2 21. Be2
Re4 22. g4 Bb4 23. Qg3 Rxe3 24. Qxe3 Re8 25. Qxe8+ Nxe8 26. gxh5 Qxd2+ 27. Kf1
Bc5 28. Rh2 Nf6 29. Bf3 Qf4 30. Kg2 Bxf2 31. Kxf2 Qxh2+ 0-1

[Event "Ct. Catalunya Veterans"]
[Site "?"]
[Date "2011.05.14"]
[Round "2"]
[White "Lazaro Porta, A."]
[Black "Franquet Escriva, J."]
[Result "1/2-1/2"]
[WhiteElo "1980"]
[BlackElo "2109"]
[PlyCount "28"]
[EventDate "2011.??.??"]
[EventType "swiss"]

1. c4 Nf6 2. Nf3 e6 3. g3 d5 4. Bg2 c6 5. b3 Be7 6. Bb2 O-O 7. O-O Nbd7 8. d4
b6 9. Nbd2 Bb7 10. Rc1 Rc8 11. a3 c5 12. e3 cxd4 13. exd4 dxc4 14. bxc4 Rc7
1/2-1/2